| 000 | 00760nam a22001817a 4500 | ||
|---|---|---|---|
| 008 | 110810t1970 xxu||||g |||| 000 0 ara d | ||
| 082 |
_222 _a245 _bق ا ض |
||
| 100 |
_926610 _aالقاضى،النعمان |
||
| 245 |
_aالفرق الإسلامية فى الشعر الأموى / _cالنعمان القاضى |
||
| 260 |
_aالقاهرة: _bدار المعارف،[1970] _c[1970]. |
||
| 300 |
_a755ص، _c24سم. |
||
| 490 |
_915990 _a؛مكتبة الدراسات الأدبية _n58. |
||
| 650 |
_913294 _aالفرق الإسلامية |
||
| 650 |
_916890 _aالخوارج |
||
| 653 |
_bGeneral _cAugust2011 |
||
| 942 |
_2ddc _cBB |
||
| 999 |
_c15795 _d15795 |
||